Transducers in digital systems

Uloženo v:
Podrobná bibliografie
Hlavní autor: Woolvet, G. A (Autor)
Médium: Kniha
Jazyk:angličtina
Vydáno: Londres Peter Peregrinus 1977
Edice:IEE Control Engineering Series, 3
Témata:
Tagy: Přidat tag
Žádné tagy, Buďte první, kdo vytvoří štítek k tomuto záznamu!

MARC

LEADER 00000nam a2200000 a 4500
001 UCV6409
003 CL-VaPUC
008 920421e19770000UK |||||||||||||||||eng|d
082 0 4 |a 621.38  |b WOO  |2 21 
100 0 |a Woolvet, G. A  |e author  |9 300600 
245 1 0 |a Transducers in digital systems 
300 |a 193 p 
942 |c BK 
945 |d 19920421 00:00:00 
260 |a Londres  |b Peter Peregrinus  |c 1977 
650 0 |a Transductores  |9 263437 
583 |a last modification  |c 19920421 00:00:00  |k Rodrigo Vera 
490 0 |a IEE Control Engineering Series, 3 
999 |c 212498  |d 212496 
952 |0 0  |1 0  |4 0  |6 621_380000000000000_WOO_1977  |7 0  |8 A  |9 193530  |a BIBING  |b BIBING  |d 2019-11-14  |i 261426K  |o 621.38 WOO 1977  |p 261426K  |r 2025-01-20  |w 2019-11-14  |y BK  |k EIE 
952 |0 0  |1 0  |4 0  |6 621_380000000000000_WOO_1977  |7 0  |8 A  |9 193531  |a BIBING  |b BIBING  |d 2019-11-14  |i 1672762  |o 621.38 WOO 1977  |p 1672762  |r 2025-01-20  |w 2019-11-14  |y BK  |k EIE